000 00545nam a2200169Ia 4500
008 090711s9999 xx 000 0 und d
082 _b79256
100 _aवाळिंबे शरदSांद्र
245 _aबिग बॉस
260 _bशांती पब्लिकेशन्स
_c1995
300 _a175
600 _aवाळिंबे शरदSांद्र
630 _aबिग बॉस
700 _aवाळिंबे शरदSांद्र
730 _aबिग बॉस
942 _cBOOK
999 _c306886
_d306886